|
|
|
|
| LEADER |
00000nab a2200000 a 4500 |
| 001 |
vtls009307931 |
| 003 |
SK-MaSNL |
| 005 |
20260426084826.0 |
| 008 |
250506c2008 xo |r|p|||||||000 b|slo |
| 015 |
|
|
|a SNBRB2008/07
|2 snkbucl
|
| 035 |
|
|
|a (uuid)68204edd-2443-42b4-a7d9-dba64182887d
|
| 035 |
|
|
|a urn:nbn:sk:snk-abc3zc
|
| 035 |
|
|
|a (urnnbn)urn:nbn:sk:snk:ar-006f8r
|
| 038 |
|
|
|a SNKBUCL
|
| 040 |
|
|
|a SNKBUCL
|b slo
|c SNKBUCL
|e AACR2
|
| 041 |
0 |
|
|a slo
|
| 044 |
|
|
|a xo
|c SK
|
| 080 |
|
|
|a 07
|x (437.6)
|2 2001
|
| 080 |
|
|
|a 050:340.13
|x (437.6)
|2 2001
|
| 080 |
|
|
|a 070:340.13
|x (437.6)
|2 2001
|
| 080 |
|
|
|a 659.3/.4
|x (437.6)
|2 2001
|
| 100 |
1 |
|
|a Chovanec, Jaroslav,
|d 1935-
|4 aut
|9 85200
|
| 245 |
1 |
0 |
|a Mediálny systém vo svetle práva Slovenskej republiky
|c Jaroslav Chovanec
|
| 650 |
0 |
7 |
|a mediálny systém
|2 snkbucl
|9 1323943
|
| 650 |
0 |
7 |
|a Tlačový zákon
|2 snkbucl
|9 1048966
|
| 651 |
|
7 |
|a Slovensko
|2 snkbucl
|9 14231
|
| 773 |
0 |
|
|t Dotyky
|g Roč. XX, č. 1 (2008), s. 68-71
|x 1210-2210
|
| 850 |
|
|
|a Slovenská národná knižnica
|
| 852 |
|
|
|a Slovenská národná knižnica
|
| 958 |
|
|
|a article15
|
| 958 |
|
|
|a OND
|
| 958 |
|
|
|a SK
|
| 958 |
|
|
|a EUIPO
|
| 999 |
|
|
|c 2945752
|d 2947682
|